00437nmm a2200157Ia 4500008004100000041000800041100002000049245002700069264005100096300001800147490001400165650002200179856005200201942000700253999001900260251105s9999||||xx |||||||||||||||||und|| aspa aFructuoso, Josa 0aLa mirada insatisfecha a[Madrid, España] :bEditorial Egales, c2023 a210 páginas aNarrativa aSpanish narrative uhttps://public.digitaliapublishing.com/a/135799 cCF c100276d100276